| 000 | 00780cam a2200289 4500 | ||
|---|---|---|---|
| 008 | 090401t1998 xxu||||| |||| 00| 0 eng d | ||
| 020 | _a0860175057 | ||
| 035 | _a(Sirsi) u91692 | ||
| 041 | _aeng | ||
| 050 | _a333.9164 | ||
| 100 | _aBrampton, A. H. | ||
| 245 | _aRegional seabed sediment studies and assessment of marine aggregate dredging. | ||
| 260 |
_aLondon _bCIRIA _c1998 |
||
| 300 | _a82p. ; 30cm. | ||
| 350 | _a80 | ||
| 490 |
_aCIRIA Report _vC505 |
||
| 650 | _aAGGREGATES | ||
| 650 | _aCOASTAL MANAGEMENT | ||
| 650 | _aDREDGING | ||
| 650 | _aSEABED | ||
| 650 | _aSEDIMENT | ||
| 690 | _aMARINE RESOURCES | ||
| 700 | _aEvans, C.D.R. | ||
| 710 |
_aConstruction Industry Research and Information Association _94810 |
||
| 942 | _n0 | ||
| 948 | _c03/03/1999 | ||
| 999 |
_c97665 _d97665 |
||